| 000 | 00594nam a2200229Ia 4500 | ||
|---|---|---|---|
| 005 | 20250508165058.0 | ||
| 008 | 008 250505s9999 xx 000 0 eng d | ||
| 020 | _a81-85618-35-6 | ||
| 037 | _aTextual | ||
| 040 |
_aFEDL _beng _cFEDL |
||
| 041 |
_aeng _2eng |
||
| 084 |
_a909.81, DEA _qFEDL |
||
| 100 | _aDeane Phyllis | ||
| 245 | 0 | _aFirst industrial revolution | |
| 250 | _a2 | ||
| 260 |
_aCambridge _bCambridge University Press _c1994 |
||
| 300 | _aix,318p. | ||
| 365 |
_aINR _b95 |
||
| 546 | _aMACESE | ||
| 942 |
_cTEXL _h909.81, DEA |
||
| 999 |
_c1393029 _d1393029 |
||